| 000 | 00456nam a2200169 a 4500 | ||
|---|---|---|---|
| 001 | 000047869 | ||
| 005 | 20201002060801.0 | ||
| 008 | 181001s2018 dr 000 0 spa d | ||
| 020 | _a9789945893564 | ||
| 040 |
_aDO-SdBNP _bspa _cBNPHU |
||
| 082 |
_axx _bxx |
||
| 100 | 1 |
_aGonzález, Dionalis _975429 |
|
| 245 | 1 | 0 | _aCartas a mi amado/. |
| 260 |
_aSanto Domingo : _bSoto Impresora, _c2018. |
||
| 300 |
_a78 p. : ; _c23 cm. |
||
| 590 | _aInventariado, 2018/VM | ||
| 999 |
_c47357 _d47357 |
||